| 000 | 00956nam a2200277 c 4500 | ||
|---|---|---|---|
| 003 | BLK | ||
| 005 | 20180420214343.0 | ||
| 008 | 180412b bul|||||r ||||||| ||bul|| | ||
| 010 | _aKNG00010119000 | ||
| 020 |
_a954-492-091-9 _bиздат.: Нов Златорог |
||
| 040 | _aBLK | ||
| 080 |
_aФренска литература _b821.133.1 _x-1 _z821.133.1-1 |
||
| 100 | 1 |
_aСандрар, Блез _eпърви автор _9118778 |
|
| 139 |
_aСандрар, Блез _bС 18 |
||
| 245 | 1 | 0 |
_aЛегенда за Новгород _bПоема _cБлез Сандрар. |
| 257 | _aUSA | ||
| 260 |
_аСофия _bНов Златорог _c1995 |
||
| 300 |
_a48 с. _c22 см |
||
| 380 | _aX | ||
| 500 | _aБлез Сандрар - псeвд. на Фредерик Заузер. - 500 тир. | ||
| 852 | _aЦб 185004 | ||
| 856 | 4 |
_qpdf _u |
|
| 856 | 4 |
_qpdf _u |
|
| 942 |
_cKNG _n0 |
||
| 944 |
_aCR _c15.01.2003 _kAB_DOS |
||
| 944 |
_aED _c13.02.2018 _kНора_Радева |
||
| 999 |
_c8747 _d8747 |
||